London brownfield sites review (Record no. 120832)

MARC details
000 -LEADER
fixed length control field 00861cai a22001935a 4500
001 - CONTROL NUMBER
control field E148644
008 - FIXED-LENGTH DATA ELEMENTS--GENERAL INFORMATION
fixed length control field 091015u xxk g 000 0 eng d
035 ## - SYSTEM CONTROL NUMBER
System control number (Sirsi) u148644
041 0# - LANGUAGE CODE
Language code of text/sound track or separate title eng
110 2# - MAIN ENTRY--CORPORATE NAME
Corporate name or jurisdiction name as entry element London Development Agency
9 (RLIN) 5482
245 00 - TITLE STATEMENT
Title London brownfield sites review
Medium [electronic resource]
520 ## - SUMMARY, ETC.
Summary, etc. Website which forms part of stage 2 of the London Brownfield Sites Review, and which contains guidance on good practice in developing brownfield sites, as well as a database of brownfield land and an analaysis of trends.
590 ## - LOCAL NOTE (RLIN)
Local note KA
651 #4 - SUBJECT ADDED ENTRY--GEOGRAPHIC NAME
Geographic name London
690 ## - LOCAL SUBJECT ADDED ENTRY--TOPICAL TERM (OCLC, RLIN)
Topical term or geographic name as entry element ENVIRONMENTAL AND LAND CONSULTANCY-PLANNING AND DEVELOPMENT
710 2# - ADDED ENTRY--CORPORATE NAME
Corporate name or jurisdiction name as entry element Homes and Communities Agency
9 (RLIN) 5688
856 40 - ELECTRONIC LOCATION AND ACCESS
Uniform Resource Identifier <a href="https://www.londonbrownfieldsites.org/Content/home.aspx">https://www.londonbrownfieldsites.org/Content/home.aspx</a>
Public note View the website free of charge at www.londonbrownfieldsites.org...
942 ## - ADDED ENTRY ELEMENTS (KOHA)
Suppress in OPAC 0
Holdings
Withdrawn status Lost status Source of classification or shelving scheme Damaged status Not for loan Home library Current library Shelving location Date acquired Total Checkouts Full call number Barcode Date last seen Copy number Price effective from Koha item type
    Dewey Decimal Classification     Virtual Virtual Online 15/10/2009   WEBSITE 148644-2001 06/08/2019 1 06/08/2019 Online material